000 00647nam a2200217 a 4500
005 20210223123853.0
008 991125n 000 0 u
035 _aUPN01000074857
100 1 _aMadaus, George F.
_929093
222 _aPHI DELTA KAPPAN
245 _aThe effects of important tests on students : implications for national examination system
300 _a226-231
362 _a73, No. 3, 1991
505 _aMarzo 1992
653 0 _aCRITERIOS DE EVALUACION
653 0 _aPRUEBAS DE COMPETENCIA NACIONAL
653 0 _aPRUEBAS DE PROBLEMAS
653 0 _aPRUEBAS ESTANDARIZADAS
904 _aAC
_b012668
905 _aArticulo
999 _c67182
_d67182